Online
Catalog

Conversando con José Coronel Urtecho / (Record no. 2415)

MARC details
000 -CABECERA
campo de control de longitud fija 00709cam a2200217 a 4500
001 - NÚMERO DE CONTROL
campo de control 000002579
005 - FECHA Y HORA DE LA ÚLTIMA TRANSACCIÓN
campo de control 20200929150221.0
008 - DATOS DE LONGITUD FIJA--INFORMACIÓN GENERAL
campo de control de longitud fija 840124s1983 nq a 001 p spa
040 ## - FUENTE DE LA CATALOGACIÓN
Centro catalogador/agencia de origen DO-SdBNP
Centro/agencia transcriptor DLC
Centro/agencia modificador DLC
082 ## - NÚMERO DE LA CLASIFICACIÓN DECIMAL DEWEY
Número de clasificación 928.6
Número de documento/Ítem U82T
100 1# - ENTRADA PRINCIPAL--NOMBRE DE PERSONA
Nombre de persona Tirado, Manlio.
9 (RLIN) 8118
245 10 - MENCIÓN DE TÍTULO
Título Conversando con José Coronel Urtecho /
Mención de responsabilidad, etc. Manlio Tirado.
260 ## - PUBLICACIÓN, DISTRIBUCIÓN, ETC.
Lugar de publicación, distribución, etc. Managua, Nicaragua :
Nombre del editor, distribuidor, etc. Nueva Nicaragua,
Fecha de publicación, distribución, etc. 1983.
300 ## - DESCRIPCIÓN FÍSICA
Extensión 143 p. :
Otras características físicas il. ;
Dimensiones 19 cm.
440 #0 - MENCIÓN DE SERIE/PUNTO DE ACCESO ADICIONAL--TÍTULO
Título Letras de Nicaragua ;
Designación de volumen o secuencia 5
9 (RLIN) 8119
600 14 - PUNTO DE ACCESO ADICIONAL DE MATERIA--NOMBRE DE PERSONA
Nombre de persona CORONEL URTECHO, JOSÉ,
Subdivisión cronológica 1906-
Subdivisión general ENTREVISTA
9 (RLIN) 8120
650 #4 - PUNTO DE ACCESO ADICIONAL DE MATERIA--TÉRMINO DE MATERIA
Término de materia o nombre geográfico como elemento de entrada Poesía nicaragüense
Subdivisión cronológica SIGLO XX
9 (RLIN) 8121
650 #4 - PUNTO DE ACCESO ADICIONAL DE MATERIA--TÉRMINO DE MATERIA
Término de materia o nombre geográfico como elemento de entrada Literatura nicaragüense
9 (RLIN) 8122
910 ## - DATOS DE OPCIÓN DEL USUARIO (OCLC)
Datos de opción del usuario Catalogación por copia / LC
910 ## - DATOS DE OPCIÓN DEL USUARIO (OCLC)
Datos de opción del usuario WM
Holdings
Estado de retiro Estado de pérdida Restricciones de uso No para préstamo Código de colección Localización permanente Ubicación/localización actual Ubicación en estantería Fecha de adquisición Número de inventario Total de préstamos Signatura topográfica completa Código de barras Fecha visto por última vez Precio válido a partir de Tipo de ítem Koha
    Préstamo interno   Monografías: Libros y Folletos General General Depósito 10.07.2009 LF1   928.6 U82T 2579-10 25.06.2020 25.06.2020 Préstamo interno

Powered by Koha